000 00579nam a2200181Ia 4500
005 20250508155443.0
008 008 250505s9999 xx 000 0 eng d
037 _aBooks to be hide in OPAC
040 _aFEDL
_beng
_cFEDL
041 _aeng
_2eng
084 _a371.2913, UNI/O
_qFEDL
245 0 _aCollege applicants entrants dropouts
245 0 _cU S Department of Health, Education, And Welfare
260 _aWashington, USA
_bU.S. Government Printing Office
_c1965
300 _avii, 88p.
942 _cHB
_h371.2913, UNI/O
999 _c1357026
_d1357026